The IMF in a changing world 1945-85 (Record no. 76410)

MARC details
000 -LEADER
fixed length control field 00639nam a2200133 a 4500
008 - FIXED-LENGTH DATA ELEMENTS--GENERAL INFORMATION
fixed length control field 120416s1986 ||||||||||||||||| || u
050 ## - LIBRARY OF CONGRESS CALL NUMBER
Classification number HG 3881.5.I58 Dev
100 ## - MAIN ENTRY--PERSONAL NAME
Personal name De Vries, Margaret Gerridsen
245 14 - TITLE STATEMENT
Title The IMF in a changing world 1945-85
260 ## - PUBLICATION, DISTRIBUTION, ETC.
Place of publication, distribution, etc. Washington, D. C.
Name of publisher, distributor, etc. IMF
Date of publication, distribution, etc. 1986
350 ## -
-- 0.00
995 ## -
-- ANNEX COLLECTION (Main Library)
-- 0.00
-- 714145
-- CBU-MAIN LIBRARY (Kitwe)
-- 1
-- 9.50
-- HG 3881.5.I58 Dev
-- 1
-- AVAILABLE
-- 008032
-- Annex Low-Usage Collection
995 ## -
-- ANNEX COLLECTION (Main Library)
-- 0.00
-- 712605
-- CBU-MAIN LIBRARY (Kitwe)
-- 2
-- 9.50
-- HG 3881.5.I58 Dev
-- 2
-- AVAILABLE
-- 008031
-- Annex Low-Usage Collection
999 ## -
-- 76410
-- 76410
Holdings
Withdrawn status Lost status Source of classification or shelving scheme Damaged status Not for loan Permanent Location Current Location Shelving location Date acquired Total Checkouts Full call number Barcode Date last seen Copy number Price effective from Koha item type
          CBU-MAIN LIBRARY, KITWE. CBU-MAIN LIBRARY, KITWE.   04/25/2023   HG 3881.5.I58 Dev 008032 04/25/2023 1 04/25/2023 MONOGRAPH
          CBU-MAIN LIBRARY, KITWE. CBU-MAIN LIBRARY, KITWE.   04/25/2023   HG 3881.5.I58 Dev 008031 04/25/2023 2 04/25/2023 MONOGRAPH